Một số kết quả liên quan quá trình khuếch tán : Luận văn tốt nghiệp Cao học. Chuyên ngành Lý thuyết xác suất và Thống kê toán học
Trình bày một số kiến thức cơ bản của giải tích, định lý giới hạn trung tâm cho quá trình khuếch tán cân bằng, luật số lớn cho quá trình khuếch tán với độ nhiễu.
Đã lưu trong:
| 主要作者: | |
|---|---|
| 格式: | 图书 |
| 语言: | Undetermined |
| 出版: |
Cần Thơ
Trường Đại học Cần Thơ
2018
|
| 主题: | |
| 标签: |
添加标签
没有标签, 成为第一个标记此记录!
|
| Thư viện lưu trữ: | Trung tâm Học liệu Trường Đại học Cần Thơ |
|---|
| LEADER | 01092nam a2200205Ia 4500 | ||
|---|---|---|---|
| 001 | CTU_227564 | ||
| 008 | 210402s9999 xx 000 0 und d | ||
| 082 | |a 519.22 | ||
| 082 | |b Gi106 | ||
| 100 | |a Võ, Hoàng Giang | ||
| 245 | 0 | |a Một số kết quả liên quan quá trình khuếch tán : | |
| 245 | 0 | |b Luận văn tốt nghiệp Cao học. Chuyên ngành Lý thuyết xác suất và Thống kê toán học | |
| 245 | 0 | |c Võ Hoàng Giang ; Lâm Hoàng Chương (Cán bộ hướng dẫn) | |
| 260 | |a Cần Thơ | ||
| 260 | |b Trường Đại học Cần Thơ | ||
| 260 | |c 2018 | ||
| 520 | |a Trình bày một số kiến thức cơ bản của giải tích, định lý giới hạn trung tâm cho quá trình khuếch tán cân bằng, luật số lớn cho quá trình khuếch tán với độ nhiễu. | ||
| 650 | |a Stochastic differential equations,Phương trình vi phân ngẫu nhiên | ||
| 910 | |b nthai | ||
| 980 | |a Trung tâm Học liệu Trường Đại học Cần Thơ | ||